000 00704nam a2200241 a 4500
001 BRCA_8246
005 20190320210208.0
008 280514s1940----po-a###f##---#000-0#por-#
041 _apor
044 _apo
050 4 _aNK4126
_b.V35 1940
100 1 _aValente, Vasco
_920570
245 1 0 _aCerámica artística portuense
_bdos séculos XVIII e XIX
_cVasco Valente.
260 _aOporto
_bLivraria Fernando Machado
_c[194?]
300 _a243 p.
_bil.
_c30 cm.
500 _aVer también T90
500 _aT86
650 1 4 _aCerámica
_zPortugal
_920571
650 1 4 _aCerámica y porcelana
_ySiglo XVIII
_920572
650 1 4 _aCerámica y porcelana
_ySiglo XIX
_920573
902 _aGFM
942 _2lcc
_cB
999 _c7914
_d7914